Handbook of writing and text production

Αποθηκεύτηκε σε:
Λεπτομέρειες βιβλιογραφικής εγγραφής
Κύριοι συγγραφείς: Jakobs, Eva-Maria (Συγγραφέας), Perrin, Daniel (Συγγραφέας)
Μορφή: Βιβλίο
Γλώσσα:Αγγλικά
Έκδοση: Berlín Walter de Gruyter 2014
Έκδοση:1a. ed
Σειρά:Handbooks of Applied Linguistics, 10
Θέματα:
Ετικέτες: Προσθήκη ετικέτας
Δεν υπάρχουν, Καταχωρήστε ετικέτα πρώτοι!

MARC

LEADER 00000cam a2200000 a 4500
001 UCD5180
003 CL-VaPUC
008 160811e20140000gw |||||||||||||||||eng|d
020 |a 9783110220636 
082 0 4 |a 370.1524  |b JAK  |2 21 
100 0 |a Jakobs, Eva-Maria  |e author  |9 588906 
700 0 |a Perrin, Daniel  |e author  |9 588907 
245 1 0 |a Handbook of writing and text production 
250 |a 1a. ed 
300 |a 415 p 
942 |c BK 
945 |d 20160811 17:41:00  |a dcastane 
260 |a Berlín  |b Walter de Gruyter  |c 2014 
650 0 |a Producción de textos  |9 554451 
650 0 |a Cognición   |9 270347 
650 0 |a Lingüística aplicada   |9 313266 
583 |a last modification  |c 20160811 17:41:00  |k Rodrigo Vera 
490 0 |a Handbooks of Applied Linguistics, 10 
999 |c 365919  |d 365917 
952 |0 0  |1 0  |3 erd  |4 0  |6 370_152400000000000_JAK_2014  |7 0  |8 A  |9 479890  |a BIBEDU  |b BIBEDU  |i 5337453  |o 370.1524 JAK 2014  |p 5337453  |r 2019-11-24  |w 2019-11-24  |y BK  |z Catalogado en:20160811  |k LIT 
952 |0 0  |1 0  |3 erd  |4 0  |6 370_152400000000000_JAK_2014  |7 0  |8 A  |9 479891  |a FDOPOS  |b BIBEDU  |i 5352770  |l 1  |o 370.1524 JAK 2014  |p 5352770  |r 2025-01-22  |s 2022-06-20  |w 2019-11-24  |y BK  |z Catalogado en:20161201  |k DLA